Carregant...

Sartre

Dades bibliogràfiques
Autor principal: Danto, Arthur D
Format: Printed Book
Idioma:English
Publicat: London, Fontana press 1991
Edició:Ed.2
Matèries:
LEADER 005200000a22002050004500
015 |a M 
020 |a 0-00-686230-6 
041 |a eng 
082 |a 171.2 N1 
100 |a Danto, Arthur D 
245 |a Sartre 
250 |a Ed.2 
260 |a London, Fontana press 
260 |c 1991 
650 |a Existentialism 
650 |a Philosophy 
650 |a Sartre 
942 |c BK 
999 |c 137637  |d 137633 
952 |0 0  |1 0  |4 0  |6 171_200000000000000_N1  |7 0  |9 136419  |a SIRP  |b SIRP  |d 2017-10-05  |l 0  |o 171.2 N1  |p SIRP02646  |r 2017-10-05  |w 2017-10-05  |y BK